Фольклорный ландшафт Монголии (Запись № 11741845)

Подробности
000 -МАРКЕР
контрольное поле 02076nam0a2200361 4500
001 - ИДЕНТИФИКАТОР ЗАПИСИ
контрольное поле RU\NLR\BIBL_A\012068306
005 - ИДЕНТИФИКАТОР ВЕРСИИ
контрольное поле 20190905115534.0
010 ## - МЕЖДУНАРОДНЫЙ СТАНДАРТНЫЙ НОМЕР КНИГИ (ISBN)
Номер (ISBN) 978-5-91674-546-7
Тираж 300
021 ## - НОМЕР ГОСУДАРСТВЕННОЙ РЕГИСТРАЦИИ
Код страны Российская Федерация
Номер КН-П-19-051051
Номер Листа государственной регистраци КН-П-19-3691
035 ## - ДРУГИЕ СИСТЕМНЫЕ НОМЕРА
Идентификатор записи (NLR Aleph) 012068306
035 ## - ДРУГИЕ СИСТЕМНЫЕ НОМЕРА
Идентификатор записи (RuMoRGB)010035867
100 ## - ДАННЫЕ ОБЩЕЙ ОБРАБОТКИ
Данные общей обработки 20190801d2019 k y0rusy50 ca
101 0# - ЯЗЫК РЕСУРСА
Язык текста, звукозаписи и т.д. русский
-- монгольский
102 ## - СТРАНА ПУБЛИКАЦИИ ИЛИ ПРОИЗВОДСТВА
Страна публикации Российская Федерация
105 ## - ПОЛЕ КОДИРОВАННЫХ ДАННЫХ: ТЕКСТОВЫЕ МАТЕРИАЛЫ, МОНОГРАФИЧЕСКИЕ
Кодированные данные о монографическом текстовом документе ac z 000zy
200 1# - ЗАГЛАВИЕ И СВЕДЕНИЯ ОБ ОТВЕТСТВЕННОСТИ
Основное заглавие Фольклорный ландшафт Монголии
Сведения, относящиеся к заглавию эпос книжный и устный
Первые сведения об ответственности С. Ю. Неклюдов
Последующие сведения об ответственности [Российский государственный гуманитарный университет, Центр типологии и семиотики фольклора, Российская академия народного хозяйства и государственной службы при Президенте РФ, Институт общественных наук, Школа актуальных гуманитарных исследований, Лаборатория теоретической фольклористики]
210 ## - ПУБЛИКАЦИЯ, РАСПРОСТРАНЕНИЕ И ДР.
Место издания, распространения и т.д. Москва
Имя издателя, распространителя и т. д. Индрик
Дата издания, распространения и т.д. 2019
215 ## - ФИЗИЧЕСКАЯ ХАРАКТЕРИСТИКА
Специфическое обозначение материала и объем 590 с., [4] л. цв. ил., цв. портр.
Другие сведения о физической характеристике ил., табл., портр.
Размеры 22
300 ## - ОБЩИЕ ПРИМЕЧАНИЯ
Текст примечания Часть текста монгол.
320 ## - ПРИМЕЧАНИЯ О НАЛИЧИИ В ДОКУМЕНТЕ БИБЛИОГРАФИИ / УКАЗАТЕЛЯ
Текст примечания Библиогр. в подстроч. примеч. и в тексте
605 ## - ЗАГЛАВИЕ КАК ПРЕДМЕТ
Начальный элемент ввода "Гэсэриада"
Сведения, относящиеся к заглавию / сведения о виде, жанре, характере документа эпический цикл сказаний о Гэсэр-хане
Системный номер авторитетной/нормативной записи 2294707
Идентификатор авторитетной/нормативной записи RU\NLR\AUTH\661374117
606 1# - НАИМЕНОВАНИЕ ТЕМЫ КАК ПРЕДМЕТ
Наименование темы Эпос монгольских народов
Системный номер авторитетной/нормативной записи 2421877
Идентификатор авторитетной/нормативной записи RU\NLR\AUTH\6601660815
686 1# - ИНДЕКСЫ ДРУГИХ КЛАССИФИКАЦИЙ
Индекс Ш3(0)964-611
686 1# - ИНДЕКСЫ ДРУГИХ КЛАССИФИКАЦИЙ
Индекс Ш5(0)964-331.1
686 1# - ИНДЕКСЫ ДРУГИХ КЛАССИФИКАЦИЙ
Индекс Ш3(5)-611
700 #1 - ИМЯ ЛИЦА - ПЕРВИЧНАЯ ОТВЕТСТВЕННОСТЬ
Графика поля Кириллица
Материалы, к которым относится поле rus
Начальный элемент ввода Неклюдов
Часть имени, кроме начального элемента ввода С. Ю.
Дополнения к именам, кроме дат д-р филол. наук
Даты 1941-
Расширение инициалов личного имени Сергей Юрьевич
Системный номер авторитетной/нормативной записи 117684
Идентификатор авторитетной/нормативной записи RU\NLR\AUTH\777753
942 ## - ДОПОЛНИТЕЛЬНЫЕ ЭЛЕМЕНТЫ ЗАПИСИ (АБИС)
Тип экземпляра АБИС Книга
980 ## - КОЛЛЕКЦИЯ
Название коллекции НБР
980 ## - КОЛЛЕКЦИЯ
Название коллекции Национальная библиография
Экземпляры
Тип экземпляра Дата поступления Источник поступления Библиотека постоянного хранения Библиотека текущего хранения Место хранения Шифр хранения Штрих-код Статус экземпляра Стоимость
Книга 01.08.2019 Обязательный экземпляр РНБ (Московский) РНБ (Московский) Русский книжный фонд: издания с 1957 года 2019-5/6247 1-2802229    
Книга 01.08.2019 Обязательный экземпляр РНБ (Московский) РНБ (Московский) Русский книжный фонд: издания с 1957 года 2019-5/6247 1-2802230    
Книга 10.09.2019   РНБ (Московский) РНБ (Московский) Залы гуманитарной литературы   ERR-154913   0.00
Книга 10.09.2019 Контрольный экземпляр из типографии РНБ (Садовая) РНБ (Садовая) Универсальный читальный зал У Ш3(5)/Н-476 1-2731374    
Книга 10.09.2019   РНБ (Фонтанка) РНБ (Фонтанка) Юношеский читальный зал   ERR-154917   0.00